|
|
|
|
| LEADER |
00000cam a2200000 7i4500 |
| 001 |
0000001405 |
| 002 |
000001545 |
| 005 |
20021021.0 |
| 020 |
|
|
|a 0940687453
|
| 090 |
0 |
0 |
|a 158
|b CYP
|
| 100 |
1 |
|
|a Cypert, Samuel A.
|
| 245 |
1 |
0 |
|a Believe and achieve [
|h sound recording]
|c Samuel A. Cypert
|
| 260 |
|
|
|a Los Angeles :
|b Audio Renaissance Tapes ,
|c 1988
|
| 300 |
|
|
|a 2 sound cassette [2 hours]
|e 1 workbook
|
| 650 |
0 |
0 |
|a Napoleon Hill's 17 principles of success
|x W. Clement Stone's positive mental attitude
|x Success
|
| 999 |
|
|
|a 00011
|b KASET
|c KOLEKSI AUDIO VIDEO
|e PERPUSTAKAAN KOMUNITI PETALING JAYA
|